LEADER 01242nam0 22002771i 450 001 UON00416738 005 20231205104803.873 100 $a20130123d1975 |0itac50 ba 101 $aita 102 $aIT 105 $a|||| 1|||| 200 1 $aˆIl ‰teatro del Bauhaus$fOskar Schlemmer...[et aliis]$gcon uno scritto di Walter Gropius$gnota di Filiberto Menna$gtraduzione di Renato Paedio 210 $aTorino$cEinaudi$d1975 215 $a103 p., 23 c. di tav.$d21 cm. 410 1$1001UON00039029$12001 $aEinaudi letteratura$v38 606 $aBAUHAUS$3UONC041437$2FI 620 $aIT$dTorino$3UONL000014 676 $a792.015$cRappresentazioni sceniche. Critica e giudizio$v21 700 1$aSCHLEMMER$bOskar$3UONV130009$033189 712 $aEinaudi$3UONV246211$4650 801 $aIT$bSOL$c20241122$gRICA 912 $aUON00416738 950 $aSIBA - SISTEMA BIBLIOTECARIO DI ATENEO$dSI F. Goethe 701 SCHLE 0831 $eSI 41400 5 0831 950 $aSIBA - SISTEMA BIBLIOTECARIO DI ATENEO$dSI Teat 792 C SCH $eSI LO 53566 5 $sBuono 996 $aTeatro del Bauhaus$9322043 997 $aUNIOR